|
|
|
|
| LEADER |
00000nab a2200000 a 4500 |
| 001 |
vtls000664900 |
| 003 |
SK-MaSNL |
| 005 |
20260304100027.0 |
| 008 |
250425c1998 xo 0 slo |
| 015 |
|
|
|a SNBRA1998/06-15040
|
| 035 |
|
|
|a CLN000017086
|
| 035 |
|
|
|a urn:nbn:sk:snk-abbru3
|
| 035 |
|
|
|a (urnnbn)urn:nbn:sk:snk:ar-003j1d
|
| 035 |
|
|
|a (uuid)cfb77c69-f70c-40c5-9089-5151a57a8ad6
|
| 040 |
|
|
|a SNKBUCL
|b slo
|c SNKBUCL
|e AACR2
|
| 041 |
0 |
|
|a slo
|
| 044 |
|
|
|a xo
|c SK
|
| 080 |
|
|
|a 82:929:885.4
|2 1997
|
| 080 |
|
|
|a 885.4:929
|2 1997
|
| 100 |
1 |
|
|a Bančej, Maroš,
|d 1960-2019
|4 ain
|9 103835
|
| 245 |
1 |
0 |
|a Nemám v duši zadretú žiadnu triesku-
|c Ján Litvák ; zhováral sa M.M.B.
|
| 300 |
|
|
|b Fotogr.
|
| 505 |
1 |
|
|a Obsahuje báseň Óm namo Šiva
|
| 600 |
1 |
7 |
|a Litvák, Ján,
|d 1965-
|2 snkbucl
|9 100526
|
| 655 |
|
7 |
|a články z novín a časopisov
|2 snkbucl
|9 267496
|
| 700 |
1 |
|
|a Litvák, Ján,
|d 1965-
|4 aut
|9 100526
|
| 773 |
0 |
|
|t Dotyky
|g Roč. 10, č. 3 (1998), s. 2-5
|
| 850 |
|
|
|a Slovenská národná knižnica
|
| 852 |
|
|
|a Slovenská národná knižnica
|
| 958 |
|
|
|a article15
|
| 958 |
|
|
|a LX
|
| 958 |
|
|
|a SK
|
| 958 |
|
|
|a OND
|
| 958 |
|
|
|a EUIPO
|
| 992 |
|
|
|a RBX
|
| 999 |
|
|
|c 2835467
|d 2837397
|